[Event "WCO 2016"]
[Site "?"]
[Date "2016.09.11"]
[Round "9"]
[Board "22"]
[WhiteID "10204482"]
[White "Sultana Sharmin Shirin"]
[BlackID "6000711"]
[Black "Kannappan Sigappi"]
[Result "0-1"]
[BlackElo "1864"]
[WhiteElo "2002"]
[LiveChessVersion "1.4.8"]

1. d4 {[%clk 1:30:54]} Nf6 {[%clk 1:30:25]} 2. c4 {[%clk 1:31:20]} g6
{[%clk 1:30:52]} 3. Nc3 {[%clk 1:31:45]} Bg7 {[%clk 1:31:18]} 4. e4
{[%clk 1:32:06]} d6 {[%clk 1:31:43]} 5. Nf3 {[%clk 1:32:23]} O-O {[%clk 1:32:06]}
6. Be2 {[%clk 1:32:43]} e5 {[%clk 1:32:30]} 7. d5 {[%clk 1:32:09]} Nbd7
{[%clk 1:32:52]} 8. Bg5 {[%clk 1:31:15]} h6 {[%clk 1:33:10]} 9. Bh4
{[%clk 1:31:24]} g5 {[%clk 1:32:34]} 10. Bg3 {[%clk 1:31:17]} Nc5
{[%clk 1:32:43]} 11. Nd2 {[%clk 1:31:33]} a5 {[%clk 1:31:39]} 12. h4
{[%clk 1:25:24]} Nh7 {[%clk 1:24:07]} 13. Nf1 {[%clk 1:16:40]} f5
{[%clk 1:22:30]} 14. exf5 {[%clk 1:16:57]} Bxf5 {[%clk 1:22:19]} 15. Ne3
{[%clk 1:17:10]} Bg6 {[%clk 1:19:57]} 16. h5 {[%clk 1:14:59]} Be8
{[%clk 1:19:43]} 17. Qc2 {[%clk 1:05:29]} Nf6 {[%clk 1:18:06]} 18. Ng4
{[%clk 0:53:29]} Qd7 {[%clk 1:13:43]} 19. Nxf6+ {[%clk 0:50:22]} Bxf6
{[%clk 1:09:11]} 20. Ne4 {[%clk 0:42:49]} Qf5 {[%clk 1:08:12]} 21. f3
{[%clk 0:30:35]} Bg7 {[%clk 0:56:23]} 22. Rc1 {[%clk 0:27:12]} b6
{[%clk 0:47:36]} 23. b3 {[%clk 0:26:34]} Bd7 {[%clk 0:40:09]} 24. Nxc5
{[%clk 0:17:15]} Qxc2 {[%clk 0:37:40]} 25. Rxc2 {[%clk 0:17:44]} bxc5
{[%clk 0:38:01]} 26. Bd3 {[%clk 0:18:09]} a4 {[%clk 0:36:57]} 27. bxa4
{[%clk 0:15:46]} Bxa4 {[%clk 0:36:24]} 28. Re2 {[%clk 0:14:35]} Bd7
{[%clk 0:33:54]} 29. O-O {[%clk 0:10:00]} Ra3 {[%clk 0:32:34]} 30. Be4
{[%clk 0:09:13]} Rb8 {[%clk 0:23:30]} 31. Rb1 {[%clk 0:07:33]} Rxb1+
{[%clk 0:23:51]} 32. Bxb1 {[%clk 0:08:02]} Be8 {[%clk 0:18:59]} 33. Rb2
{[%clk 0:06:55]} Bxh5 {[%clk 0:17:55]} 34. Rb8+ {[%clk 0:07:21]} Kf7
{[%clk 0:17:51]} 35. Rb7 {[%clk 0:07:39]} Bg6 {[%clk 0:17:29]} 36. Rxc7+
{[%clk 0:07:22]} Kf6 {[%clk 0:17:55]} 37. Bxe5+ {[%clk 0:06:39]} Kxe5
{[%clk 0:17:45]} 38. Bxg6 {[%clk 0:07:02]} Bf6 {[%clk 0:17:39]} 39. Be8
{[%clk 0:06:01]} Kd4 {[%clk 0:12:41]} 40. Kh2 {[%clk 0:31:06]} Kxc4
{[%clk 0:42:59]} 41. Rh7 {[%clk 0:21:29]} Be5+ {[%clk 0:42:26]} 42. Kh3
{[%clk 0:19:42]} Rxa2 {[%clk 0:42:43]} 43. Rxh6 {[%clk 0:19:30]} Rf2
{[%clk 0:37:56]} 44. Rg6 {[%clk 0:16:45]} Bf4 {[%clk 0:38:12]} 45. Bf7
{[%clk 0:14:48]} Kd4 {[%clk 0:37:05]} 46. Rg8 {[%clk 0:13:40]} c4
{[%clk 0:36:36]} 47. Rc8 {[%clk 0:14:07]} Be5 {[%clk 0:36:09]} 48. Bg6
{[%clk 0:13:48]} c3 {[%clk 0:35:54]} 49. Be4 {[%clk 0:14:07]} Ke3
{[%clk 0:36:06]} 50. Rg8 {[%clk 0:06:50]} Rb2 {[%clk 0:36:28]} 51. g3
{[%clk 0:05:18]} c2 {[%clk 0:36:08]} 52. Rc8 {[%clk 0:04:50]} Kd2
{[%clk 0:36:36]} 53. Rxc2+ {[%clk 0:04:47]} Rxc2 {[%clk 0:37:05]} 54. Bxc2
{[%clk 0:05:16]} Kxc2 {[%clk 0:37:23]} 55. Kg4 {[%clk 0:05:43]} Kd3
{[%clk 0:37:30]} 56. f4 {[%clk 0:04:03]} gxf4 {[%clk 0:37:30]} 57. gxf4
{[%clk 0:04:32]} Bh8 {[%clk 0:35:51]} 58. Kf5 {[%clk 0:04:45]} Kd4
{[%clk 0:36:19]} 59. Ke6 {[%clk 0:05:13]} Kc5 {[%clk 0:36:42]} 60. f5
{[%clk 0:04:44]} Be5 {[%clk 0:36:59]} 61. f6 {[%clk 0:03:45]} Bxf6
{[%clk 0:37:23]} 62. Kxf6 {[%clk 0:03:55]} Kxd5 {[%clk 0:37:48]} 63. Kf5
{[%clk 0:04:24]} Kd4 {[%clk 0:38:07]} 64. Kf4 {[%clk 0:04:51]} Kd3
{[%clk 0:38:28]} 65. Kf3 {[%clk 0:05:15]} d5 {[%clk 0:38:47]} 66. Kf2
{[%clk 0:05:44]} d4 {[%clk 0:38:58]} 67. Ke1 {[%clk 0:06:08]} Kc2
{[%clk 0:39:22]} 0-1

[Event "WCO 2016"]
[Site "?"]
[Date "2016.09.11"]
[Round "9"]
[Board "23"]
[WhiteID "6002439"]
[White "Deng Jing Xin Crystal "]
[BlackID "10200096"]
[Black "Hamid Rani"]
[Result "0-1"]
[BlackElo "1993"]
[WhiteElo "1625"]
[LiveChessVersion "1.4.8"]

1. d4 {[%clk 1:30:55]} Nf6 {[%clk 1:30:49]} 2. c4 {[%clk 1:31:18]} e6
{[%clk 1:31:17]} 3. Nf3 {[%clk 1:31:39]} b6 {[%clk 1:31:17]} 4. g3
{[%clk 1:31:55]} Bb7 {[%clk 1:31:20]} 5. Bg2 {[%clk 1:32:15]} Bb4+
{[%clk 1:31:28]} 6. Bd2 {[%clk 1:32:26]} Be7 {[%clk 1:31:48]} 7. O-O
{[%clk 1:32:12]} O-O {[%clk 1:31:42]} 8. Nc3 {[%clk 1:32:16]} d5 {[%clk 1:29:39]}
9. Ne5 {[%clk 1:31:02]} c6 {[%clk 1:29:50]} 10. Bf4 {[%clk 1:27:27]} Nfd7
{[%clk 1:28:59]} 11. cxd5 {[%clk 1:22:57]} Nxe5 {[%clk 1:28:09]} 12. Bxe5
{[%clk 1:22:17]} exd5 {[%clk 1:28:06]} 13. e4 {[%clk 1:15:41]} dxe4
{[%clk 1:28:16]} 14. Nxe4 {[%clk 1:14:37]} Qd7 {[%clk 1:22:51]} 15. Rc1
{[%clk 1:13:20]} Na6 {[%clk 1:22:20]} 16. Qa4 {[%clk 1:08:36]} Rfd8
{[%clk 1:21:26]} 17. Rfd1 {[%clk 1:07:47]} Nb4 {[%clk 1:21:09]} 18. Nc3
{[%clk 1:05:12]} Qe6 {[%clk 1:15:33]} 19. a3 {[%clk 1:01:40]} Na6
{[%clk 1:11:58]} 20. Re1 {[%clk 0:59:35]} Qd7 {[%clk 1:08:49]} 21. b4
{[%clk 0:56:10]} Bf8 {[%clk 1:03:43]} 22. Qb3 {[%clk 0:51:01]} Rac8
{[%clk 0:58:55]} 23. Rcd1 {[%clk 0:49:53]} Nc7 {[%clk 0:55:17]} 24. a4
{[%clk 0:45:51]} Nd5 {[%clk 0:53:02]} 25. Nxd5 {[%clk 0:46:08]} cxd5
{[%clk 0:53:19]} 26. Rc1 {[%clk 0:43:21]} a5 {[%clk 0:50:40]} 27. bxa5
{[%clk 0:39:08]} bxa5 {[%clk 0:51:02]} 28. Bh3 {[%clk 0:37:38]} Qxh3
{[%clk 0:49:46]} 29. Qxb7 {[%clk 0:36:30]} Bb4 {[%clk 0:48:52]} 30. Red1
{[%clk 0:36:20]} Qe6 {[%clk 0:45:16]} 31. Qa7 {[%clk 0:30:24]} h5
{[%clk 0:42:54]} 32. Bc7 {[%clk 0:28:45]} Re8 {[%clk 0:42:52]} 33. Qb6
{[%clk 0:27:27]} Qe4 {[%clk 0:40:31]} 34. Qb5 {[%clk 0:27:09]} h4
{[%clk 0:40:17]} 35. Qf1 {[%clk 0:24:42]} Qg4 {[%clk 0:35:27]} 36. h3
{[%clk 0:24:26]} Qd7 {[%clk 0:35:08]} 37. Bb6 {[%clk 0:22:53]} Qxa4
{[%clk 0:34:49]} 38. Ra1 {[%clk 0:21:32]} Qb3 {[%clk 0:34:02]} 39. g4
{[%clk 0:12:02]} Qc3 {[%clk 0:30:21]} 40. Ra2 {[%clk 0:34:04]} Re6
{[%clk 0:57:05]} 41. Ba7 {[%clk 0:29:32]} Rce8 {[%clk 0:56:47]} 42. Raa1
{[%clk 0:27:21]} Re4 {[%clk 0:47:42]} 43. Rdc1 {[%clk 0:24:44]} Qf3
{[%clk 0:43:37]} 44. Bc5 {[%clk 0:23:57]} R8e6 {[%clk 0:39:58]} 45. Rab1
{[%clk 0:21:48]} f5 {[%clk 0:35:53]} 46. Qg2 {[%clk 0:17:13]} Qf4
{[%clk 0:35:28]} 47. Qh2 {[%clk 0:15:18]} Qg5 {[%clk 0:30:07]} 48. f3
{[%clk 0:09:56]} Re2 {[%clk 0:27:06]} 49. Qb8+ {[%clk 0:09:53]} Re8
{[%clk 0:27:02]} 50. f4 {[%clk 0:09:38]} Qf6 {[%clk 0:26:33]} 51. Qb7
{[%clk 0:08:53]} Qe6 {[%clk 0:26:27]} 52. Bxb4 {[%clk 0:07:28]} Qe3+
{[%clk 0:26:39]} 53. Kh1 {[%clk 0:07:50]} Qxh3+ {[%clk 0:26:52]} 54. Kg1
{[%clk 0:08:14]} Qg2# {[%clk 0:27:11]} 0-1

[Event "WCO 2016"]
[Site "?"]
[Date "2016.09.11"]
[Round "9"]
[Board "24"]
[WhiteID "10201220"]
[White "Sultana Zakia"]
[BlackID "6002897"]
[Black "Lee Lok Yi "]
[Result "1-0"]
[BlackElo "1497"]
[WhiteElo "1885"]
[LiveChessVersion "1.4.8"]

1. d4 {[%clk 1:30:52]} b6 {[%clk 1:30:56]} 2. c4 {[%clk 1:30:50]} e6
{[%clk 1:31:21]} 3. Nf3 {[%clk 1:31:10]} Bb7 {[%clk 1:31:40]} 4. Nc3
{[%clk 1:31:12]} Bb4 {[%clk 1:31:35]} 5. Qb3 {[%clk 1:28:50]} c5 {[%clk 1:28:06]}
6. a3 {[%clk 1:27:49]} Bxc3+ {[%clk 1:26:33]} 7. Qxc3 {[%clk 1:27:51]} cxd4
{[%clk 1:26:44]} 8. Qxd4 {[%clk 1:27:51]} Nf6 {[%clk 1:26:58]} 9. Bg5
{[%clk 1:26:15]} Nc6 {[%clk 1:22:49]} 10. Qh4 {[%clk 1:19:12]} Na5
{[%clk 1:20:08]} 11. e3 {[%clk 1:17:33]} Rc8 {[%clk 1:20:11]} 12. b4
{[%clk 1:14:30]} Bxf3 {[%clk 1:12:55]} 13. gxf3 {[%clk 1:13:51]} Nc6
{[%clk 1:13:00]} 14. Be2 {[%clk 1:13:02]} Ne5 {[%clk 1:12:03]} 15. Rc1
{[%clk 1:11:47]} d5 {[%clk 1:05:14]} 16. Qd4 {[%clk 1:10:17]} Rxc4
{[%clk 0:49:50]} 17. Rxc4 {[%clk 1:10:02]} Nxc4 {[%clk 0:50:06]} 18. Bxc4
{[%clk 1:09:44]} dxc4 {[%clk 0:50:20]} 19. Qxc4 {[%clk 1:09:54]} Qa8
{[%clk 0:38:10]} 20. e4 {[%clk 1:09:01]} Nd7 {[%clk 0:34:56]} 21. O-O
{[%clk 1:05:00]} O-O {[%clk 0:31:05]} 22. Qc7 {[%clk 1:00:49]} Nb8
{[%clk 0:28:45]} 23. Rc1 {[%clk 0:58:09]} f6 {[%clk 0:24:54]} 24. Bf4
{[%clk 0:56:46]} Na6 {[%clk 0:23:08]} 25. Qc4 {[%clk 0:56:49]} Nb8
{[%clk 0:21:28]} 26. Qxe6+ {[%clk 0:56:45]} Kh8 {[%clk 0:21:41]} 27. Rc8
{[%clk 0:55:37]} 1-0

[Event "WCO 2016"]
[Site "?"]
[Date "2016.09.11"]
[Round "9"]
[Board "21"]
[WhiteID "8101531"]
[White "Alattar Ghayda M."]
[BlackID "7602049"]
[Black "Farha Doha"]
[Result "1-0"]
[BlackElo "1851"]
[WhiteElo "1964"]
[LiveChessVersion "1.4.8"]

1. d4 {[%clk 1:30:56]} d5 {[%clk 1:30:56]} 2. Nc3 {[%clk 1:31:23]} Bf5
{[%clk 1:31:14]} 3. e3 {[%clk 1:26:41]} e6 {[%clk 1:27:26]} 4. Nf3
{[%clk 1:21:39]} Nf6 {[%clk 1:27:19]} 5. Ne5 {[%clk 1:16:26]} h5 {[%clk 1:19:02]}
6. f3 {[%clk 1:15:18]} Nbd7 {[%clk 1:12:34]} 7. Nxd7 {[%clk 1:08:55]} Qxd7
{[%clk 1:09:33]} 8. Bd3 {[%clk 1:07:54]} Bb4 {[%clk 1:00:37]} 9. a3
{[%clk 1:06:33]} Bxc3+ {[%clk 0:59:18]} 10. bxc3 {[%clk 1:07:01]} c6
{[%clk 0:57:59]} 11. a4 {[%clk 1:06:56]} O-O-O {[%clk 0:46:53]} 12. Ba3
{[%clk 1:03:47]} Rde8 {[%clk 0:42:22]} 13. a5 {[%clk 0:55:36]} e5
{[%clk 0:38:02]} 14. dxe5 {[%clk 0:53:35]} Rxe5 {[%clk 0:33:04]} 15. Bc5
{[%clk 0:53:53]} Bxd3 {[%clk 0:31:22]} 16. Qxd3 {[%clk 0:54:05]} a6
{[%clk 0:31:02]} 17. Rb1 {[%clk 0:33:17]} Qf5 {[%clk 0:25:55]} 18. Bd4
{[%clk 0:32:56]} Qxd3 {[%clk 0:25:10]} 19. cxd3 {[%clk 0:33:22]} Re6
{[%clk 0:24:05]} 20. Kf2 {[%clk 0:28:52]} Rhe8 {[%clk 0:18:51]} 21. Rb2
{[%clk 0:28:08]} R8e7 {[%clk 0:14:37]} 22. Rhb1 {[%clk 0:15:01]} Ne8
{[%clk 0:14:37]} 23. Bc5 {[%clk 0:15:12]} Rd7 {[%clk 0:14:28]} 24. Rb4
{[%clk 0:14:14]} Nd6 {[%clk 0:13:44]} 25. Bxd6 {[%clk 0:13:14]} Rexd6
{[%clk 0:14:07]} 26. d4 {[%clk 0:10:42]} Re6 {[%clk 0:14:08]} 27. R1b3
{[%clk 0:08:59]} c5 {[%clk 0:10:11]} 28. dxc5 {[%clk 0:07:11]} Rc6
{[%clk 0:10:35]} 29. c4 {[%clk 0:07:06]} Rxc5 {[%clk 0:10:25]} 30. cxd5
{[%clk 0:07:33]} Rcxd5 {[%clk 0:10:32]} 31. Ra3 {[%clk 0:06:39]} Rc5
{[%clk 0:09:45]} 32. e4 {[%clk 0:07:02]} Rd2+ {[%clk 0:09:55]} 33. Kg3
{[%clk 0:06:50]} Rcc2 {[%clk 0:10:01]} 34. Rab3 {[%clk 0:06:36]} Rxg2+
{[%clk 0:09:06]} 35. Kf4 {[%clk 0:06:55]} Rc7 {[%clk 0:08:39]} 36. h4
{[%clk 0:06:33]} Ra2 {[%clk 0:08:20]} 37. e5 {[%clk 0:06:03]} Rxa5
{[%clk 0:08:26]} 38. Re4 {[%clk 0:05:10]} Re7 {[%clk 0:06:21]} 39. Rd3
{[%clk 0:04:35]} Rc5 {[%clk 0:03:55]} 1-0

[Event "WCO 2016"]
[Site "?"]
[Date "2016.09.11"]
[Round "9"]
[Board "22"]
[WhiteID "7602847"]
[White "Alkaseir Roaa"]
[BlackID "8102937"]
[Black "Boshra Alshaeby"]
[Result "1-0"]
[BlackElo "1983"]
[WhiteElo "1674"]
[LiveChessVersion "1.4.8"]

1. e4 {[%clk 1:30:57]} c5 {[%clk 1:30:45]} 2. Nf3 {[%clk 1:31:22]} Nc6
{[%clk 1:31:11]} 3. d4 {[%clk 1:31:48]} cxd4 {[%clk 1:31:37]} 4. Nxd4
{[%clk 1:32:15]} e5 {[%clk 1:32:03]} 5. Nb5 {[%clk 1:32:13]} d6 {[%clk 1:32:28]}
6. c4 {[%clk 1:29:24]} Be6 {[%clk 1:32:54]} 7. N1c3 {[%clk 1:29:43]} a6
{[%clk 1:33:19]} 8. Na3 {[%clk 1:30:09]} Rc8 {[%clk 1:33:41]} 9. Bd3
{[%clk 1:25:47]} Be7 {[%clk 1:33:38]} 10. O-O {[%clk 1:23:59]} Bg5
{[%clk 1:31:31]} 11. Nd5 {[%clk 1:21:45]} Bxc1 {[%clk 1:30:34]} 12. Rxc1
{[%clk 1:22:14]} Nf6 {[%clk 1:24:25]} 13. Nc2 {[%clk 1:19:25]} O-O
{[%clk 1:24:14]} 14. Nce3 {[%clk 1:18:03]} Bxd5 {[%clk 1:23:42]} 15. cxd5
{[%clk 1:10:46]} Nd4 {[%clk 1:23:38]} 16. Kh1 {[%clk 0:59:49]} b5
{[%clk 0:57:54]} 17. f4 {[%clk 0:59:43]} Rxc1 {[%clk 0:49:57]} 18. Qxc1
{[%clk 0:59:58]} Nh5 {[%clk 0:47:45]} 19. fxe5 {[%clk 0:58:24]} dxe5
{[%clk 0:40:14]} 20. g3 {[%clk 0:55:50]} f5 {[%clk 0:35:09]} 21. exf5
{[%clk 0:43:11]} Nf6 {[%clk 0:35:30]} 22. Qc5 {[%clk 0:38:32]} Qa5
{[%clk 0:34:39]} 23. Qc3 {[%clk 0:16:13]} Qxa2 {[%clk 0:29:47]} 24. Bb1
{[%clk 0:16:33]} Qa4 {[%clk 0:27:50]} 25. Qc7 {[%clk 0:14:24]} e4
{[%clk 0:18:25]} 26. d6 {[%clk 0:12:55]} Qb3 {[%clk 0:16:59]} 27. Qc3
{[%clk 0:09:15]} Qa4 {[%clk 0:08:33]} 28. Qc7 {[%clk 0:05:47]} Qb3
{[%clk 0:07:18]} 29. Qc3 {[%clk 0:06:10]} Qa4 {[%clk 0:07:44]} 30. b4
{[%clk 0:06:12]} Nf3 {[%clk 0:05:20]} 31. Bc2 {[%clk 0:05:14]} Nd5
{[%clk 0:04:32]} 32. Nxd5 {[%clk 0:04:51]} Qa2 {[%clk 0:04:56]} 33. Qb3
{[%clk 0:04:17]} 1-0

[Event "WCO 2016"]
[Site "?"]
[Date "2016.09.11"]
[Round "9"]
[Board "23"]
[WhiteID "724190"]
[White "Fuad Kamel Jamaliah Natalie"]
[BlackID "7601263"]
[Black "Al-Mahmoud Rola"]
[Result "1/2-1/2"]
[BlackElo "1684"]
[WhiteElo "2064"]
[LiveChessVersion "1.4.8"]

1. d4 {[%clk 1:30:59]} Nf6 {[%clk 1:30:54]} 2. Nf3 {[%clk 1:31:12]} g6
{[%clk 1:31:07]} 3. Bf4 {[%clk 1:31:12]} d6 {[%clk 1:31:27]} 4. h3
{[%clk 1:31:03]} Bg7 {[%clk 1:31:41]} 5. e3 {[%clk 1:31:25]} O-O {[%clk 1:32:04]}
6. Be2 {[%clk 1:31:50]} Nbd7 {[%clk 1:29:33]} 7. O-O {[%clk 1:31:35]} Nh5
{[%clk 1:26:09]} 8. Bh2 {[%clk 1:31:26]} e5 {[%clk 1:24:17]} 9. c4
{[%clk 1:26:50]} f5 {[%clk 1:18:52]} 10. dxe5 {[%clk 1:20:03]} dxe5
{[%clk 1:16:02]} 11. Qd5+ {[%clk 1:17:49]} Kh8 {[%clk 1:16:08]} 12. Nxe5
{[%clk 1:07:13]} c6 {[%clk 1:13:10]} 13. Nf7+ {[%clk 0:59:18]} Rxf7
{[%clk 1:10:10]} 14. Qxf7 {[%clk 0:59:40]} Bxb2 {[%clk 1:10:22]} 15. Nd2
{[%clk 0:59:50]} Bxa1 {[%clk 1:09:24]} 16. Rxa1 {[%clk 1:00:08]} Nhf6
{[%clk 1:01:54]} 17. Rd1 {[%clk 0:45:00]} Qe8 {[%clk 0:57:01]} 18. Qxe8+
{[%clk 0:44:30]} Nxe8 {[%clk 0:57:29]} 19. Nb3 {[%clk 0:43:46]} b6
{[%clk 0:55:59]} 20. Bf3 {[%clk 0:43:50]} a5 {[%clk 0:52:53]} 21. Bxc6
{[%clk 0:42:46]} Ra7 {[%clk 0:52:52]} 22. Nd4 {[%clk 0:35:35]} Ndf6
{[%clk 0:46:30]} 23. Nb5 {[%clk 0:31:14]} Re7 {[%clk 0:45:58]} 24. Rd8
{[%clk 0:21:26]} Bd7 {[%clk 0:46:13]} 25. Bd6 {[%clk 0:17:11]} Rf7
{[%clk 0:42:55]} 26. Ba8 {[%clk 0:17:11]} Kg7 {[%clk 0:40:38]} 27. Be5
{[%clk 0:15:54]} Re7 {[%clk 0:34:19]} 28. Bd4 {[%clk 0:15:49]} Be6
{[%clk 0:22:00]} 29. Bc6 {[%clk 0:09:51]} Kf7 {[%clk 0:21:14]} 30. Bxb6
{[%clk 0:07:29]} Bxc4 {[%clk 0:19:40]} 31. Bxe8+ {[%clk 0:07:17]} Nxe8
{[%clk 0:18:46]} 32. Rxe8 {[%clk 0:06:53]} Bxb5 {[%clk 0:16:23]} 33. Rh8
{[%clk 0:06:49]} Kg7 {[%clk 0:15:07]} 34. Bd4+ {[%clk 0:07:08]} Kh6
{[%clk 0:15:14]} 35. Ra8 {[%clk 0:06:58]} a4 {[%clk 0:15:08]} 36. f4
{[%clk 0:06:29]} Rc7 {[%clk 0:14:58]} 37. Ra7 {[%clk 0:03:50]} Rxa7 38. Bxa7
{[%clk 0:04:16]} Bc4 {[%clk 0:11:03]} 39. a3 {[%clk 0:04:03]} Kg7
{[%clk 0:10:32]} 40. Kf2 {[%clk 0:34:20]} Kf6 {[%clk 0:40:31]} 41. Bb6
{[%clk 0:34:24]} Ke6 {[%clk 0:32:46]} 1/2-1/2

[Event "WCO 2016"]
[Site "?"]
[Date "2016.09.11"]
[Round "9"]
[Board "24"]
[WhiteID "7604661"]
[White "Manar Khalil"]
[BlackID "8102953"]
[Black "Razan Alshaeby"]
[Result "1-0"]
[BlackElo "1896"]
[WhiteElo "1725"]
[LiveChessVersion "1.4.8"]

1. e4 {[%clk 1:30:57]} c5 {[%clk 1:30:54]} 2. Nf3 {[%clk 1:31:12]} Nc6
{[%clk 1:31:14]} 3. d4 {[%clk 1:31:24]} cxd4 {[%clk 1:31:40]} 4. Nxd4
{[%clk 1:31:48]} e5 {[%clk 1:32:06]} 5. Nb5 {[%clk 1:30:47]} d6 {[%clk 1:32:30]}
6. N1c3 {[%clk 1:31:00]} a6 {[%clk 1:32:54]} 7. Na3 {[%clk 1:31:20]} Nf6
{[%clk 1:27:50]} 8. Bg5 {[%clk 1:30:04]} Be6 {[%clk 1:20:31]} 9. Nc4
{[%clk 1:22:12]} b5 {[%clk 1:19:45]} 10. Bxf6 {[%clk 1:21:00]} gxf6
{[%clk 1:18:59]} 11. Ne3 {[%clk 1:20:53]} Nd4 {[%clk 1:07:42]} 12. Ncd5
{[%clk 1:17:45]} f5 {[%clk 1:01:35]} 13. c3 {[%clk 1:11:46]} f4 {[%clk 1:00:57]}
14. cxd4 {[%clk 1:07:20]} fxe3 {[%clk 1:01:07]} 15. Nxe3 {[%clk 1:05:03]} Qa5+
{[%clk 1:01:05]} 16. Qd2 {[%clk 1:04:40]} Qxd2+ {[%clk 1:01:16]} 17. Kxd2
{[%clk 1:05:05]} exd4 {[%clk 0:50:06]} 18. Nc2 {[%clk 1:03:08]} Bh6+
{[%clk 0:48:27]} 19. Kd1 {[%clk 0:55:50]} Bg7 {[%clk 0:42:40]} 20. Bd3
{[%clk 0:52:39]} d5 {[%clk 0:38:59]} 21. f4 {[%clk 0:45:48]} dxe4
{[%clk 0:31:09]} 22. Bxe4 {[%clk 0:45:36]} Rd8 {[%clk 0:31:13]} 23. Bd3
{[%clk 0:44:51]} O-O {[%clk 0:29:37]} 24. Re1 {[%clk 0:38:22]} Rfe8
{[%clk 0:27:25]} 25. Kd2 {[%clk 0:34:50]} Bc4 {[%clk 0:22:16]} 26. Rxe8+
{[%clk 0:22:44]} Rxe8 {[%clk 0:22:33]} 27. Ne1 {[%clk 0:16:09]} Bd5
{[%clk 0:19:45]} 28. g3 {[%clk 0:15:31]} Re6 {[%clk 0:19:50]} 29. a4
{[%clk 0:14:28]} b4 {[%clk 0:16:59]} 30. Rc1 {[%clk 0:14:22]} Bf8
{[%clk 0:11:56]} 31. Bc4 {[%clk 0:13:03]} Bxc4 {[%clk 0:09:43]} 32. Rxc4
{[%clk 0:13:28]} d3 {[%clk 0:05:28]} 33. Nxd3 {[%clk 0:11:33]} a5
{[%clk 0:05:07]} 34. Ne5 {[%clk 0:10:02]} Rh6 {[%clk 0:04:15]} 35. Nf3
{[%clk 0:10:00]} Rd6+ {[%clk 0:04:12]} 36. Rd4 {[%clk 0:09:08]} Rc6
{[%clk 0:02:04]} 37. Ne5 {[%clk 0:07:22]} Rh6 {[%clk 0:01:31]} 38. Nf3
{[%clk 0:06:26]} Rc6 {[%clk 0:01:23]} 39. b3 {[%clk 0:04:59]} Bc5
{[%clk 0:01:26]} 40. Rd5 {[%clk 0:32:22]} Bb6 {[%clk 0:31:32]} 41. Rd3
{[%clk 0:29:55]} Kg7 {[%clk 0:29:49]} 42. Rd5 {[%clk 0:24:07]} Rc3
{[%clk 0:29:27]} 43. Rd3 {[%clk 0:24:27]} Rc6 {[%clk 0:29:40]} 44. Ne5
{[%clk 0:22:39]} Rh6 {[%clk 0:29:09]} 45. h4 {[%clk 0:21:43]} Bc7
{[%clk 0:19:56]} 46. Nc4 {[%clk 0:19:27]} Rc6 {[%clk 0:17:52]} 47. Ke2
{[%clk 0:17:20]} Re6+ {[%clk 0:17:19]} 48. Kf3 {[%clk 0:17:23]} Re1
{[%clk 0:17:09]} 49. Re3 {[%clk 0:16:55]} Rd1 {[%clk 0:15:34]} 50. Ke4
{[%clk 0:16:00]} h5 {[%clk 0:15:18]} 51. Rd3 {[%clk 0:15:37]} Re1+
{[%clk 0:14:46]} 52. Kd5 {[%clk 0:15:34]} Re8 {[%clk 0:14:36]} 53. Kc6
{[%clk 0:15:38]} Bd8 {[%clk 0:13:15]} 54. Kd7 {[%clk 0:15:07]} Rg8
{[%clk 0:13:32]} 55. Re3 {[%clk 0:13:41]} Bf6 {[%clk 0:11:37]} 56. Nxa5
{[%clk 0:10:31]} Bd4 {[%clk 0:07:21]} 57. Rf3 {[%clk 0:09:57]} Kf6
{[%clk 0:07:01]} 58. Nc4 {[%clk 0:09:58]} Bc5 {[%clk 0:05:03]} 59. f5
{[%clk 0:07:33]} Bg1 {[%clk 0:05:06]} 60. Nd6 {[%clk 0:06:41]} Bh2
{[%clk 0:04:41]} 61. Kc6 {[%clk 0:06:28]} Bg1 {[%clk 0:02:38]} 62. a5
{[%clk 0:05:59]} Ra8 {[%clk 0:02:46]} 63. Nc4 {[%clk 0:05:52]} Bd4
{[%clk 0:02:00]} 64. Kb5 {[%clk 0:05:32]} Bc3 {[%clk 0:01:41]} 65. Nb6
{[%clk 0:04:55]} Re8 {[%clk 0:00:54]} 66. Nd5+ {[%clk 0:05:02]} Ke5
{[%clk 0:01:16]} 67. Re3+ {[%clk 0:05:14]} 1-0

[Event "WCO 2016"]
[Site "?"]
[Date "2016.09.11"]
[Round "9"]
[Board "25"]
[WhiteID "13800221"]
[White "Samaganova Alexandra"]
[BlackID "3101193"]
[Black "Vazquez Maccarini Danitza"]
[Result "1/2-1/2"]
[BlackElo "2142"]
[WhiteElo "2048"]
[LiveChessVersion "1.4.8"]

1. c4 {[%clk 1:30:53]} e5 {[%clk 1:30:49]} 2. e3 {[%clk 1:30:57]} Nf6
{[%clk 1:31:08]} 3. a3 {[%clk 1:31:09]} Nc6 {[%clk 1:31:10]} 4. Nc3
{[%clk 1:29:03]} g6 {[%clk 1:31:25]} 5. Nf3 {[%clk 1:28:44]} Bg7 {[%clk 1:31:11]}
6. d4 {[%clk 1:20:24]} exd4 {[%clk 1:30:27]} 7. Nxd4 {[%clk 1:19:49]} O-O
{[%clk 1:29:58]} 8. Be2 {[%clk 1:19:05]} Nxd4 {[%clk 1:24:49]} 9. Qxd4
{[%clk 1:11:12]} d5 {[%clk 1:19:55]} 10. Nxd5 {[%clk 0:59:21]} Ng4
{[%clk 1:13:05]} 11. Qd1 {[%clk 0:53:29]} c6 {[%clk 1:12:07]} 12. Nf4
{[%clk 0:47:48]} Qxd1+ {[%clk 0:58:25]} 13. Bxd1 {[%clk 0:47:54]} Ne5
{[%clk 0:58:48]} 14. Be2 {[%clk 0:45:06]} b6 {[%clk 0:56:24]} 15. Bd2
{[%clk 0:38:40]} Nd7 {[%clk 0:55:02]} 16. Nd3 {[%clk 0:27:52]} Ne5
{[%clk 0:49:23]} 17. Nxe5 {[%clk 0:18:28]} Bxe5 {[%clk 0:49:51]} 18. Bc3
{[%clk 0:18:47]} Bxc3+ {[%clk 0:49:03]} 19. bxc3 {[%clk 0:19:15]} Be6
{[%clk 0:48:41]} 20. O-O-O {[%clk 0:13:41]} c5 {[%clk 0:45:16]} 21. Bf3
{[%clk 0:11:29]} Rad8 {[%clk 0:43:25]} 22. Bd5 {[%clk 0:11:39]} Bd7
{[%clk 0:42:33]} 23. Rd2 {[%clk 0:08:31]} Ba4 {[%clk 0:41:52]} 24. e4
{[%clk 0:07:49]} Kg7 {[%clk 0:39:39]} 25. Re1 {[%clk 0:07:46]} Rd7
{[%clk 0:39:16]} 26. Ree2 {[%clk 0:04:03]} Rfd8 {[%clk 0:34:57]} 27. f4
{[%clk 0:04:18]} Bb3 {[%clk 0:30:35]} 28. Rb2 {[%clk 0:03:31]} Ba4
{[%clk 0:29:55]} 29. Red2 {[%clk 0:03:37]} Rd6 {[%clk 0:29:01]} 30. e5
{[%clk 0:02:30]} R6d7 {[%clk 0:29:21]} 31. g4 {[%clk 0:02:35]} Re7
{[%clk 0:27:40]} 32. Bf3 {[%clk 0:00:38]} Rxd2 {[%clk 0:27:08]} 33. Rxd2
{[%clk 0:00:51]} g5 {[%clk 0:27:29]} 34. f5 {[%clk 0:00:32]} Rxe5
{[%clk 0:27:51]} 1/2-1/2